| 000 | 00474 a2200145 4500 | ||
|---|---|---|---|
| 999 |
_c41437 _d41437 |
||
| 003 | OSt | ||
| 005 | 20220106150322.0 | ||
| 008 | 220106b ||||| |||| 00| 0 eng d | ||
| 040 | _coclc | ||
| 082 |
_a363 _bLNJ/F |
||
| 245 |
_aA forensic guide for crime investigators _cStandard operating procedures |
||
| 260 |
_aDelhi: _bLNJN National Institute of Criminology and Forensic Science |
||
| 300 | _a721 pages | ||
| 942 |
_2ddc _cBK _h363 _iLNJ/F _k363 _mLNJ/F |
||